CPS : (Record no. 14978)
[ view plain ]
| 000 -LEADER | |
|---|---|
| fixed length control field | 00691nam a22002172 4500 |
| 001 - CONTROL NUMBER | |
| control field | 0000004917 |
| 005 - DATE AND TIME OF LATEST TRANSACTION | |
| control field | 20151217161135.0 |
| 008 - FIXED-LENGTH DATA ELEMENTS--GENERAL INFORMATION | |
| fixed length control field | 070604s xx 000 0 eng d |
| 020 ## - INTERNATIONAL STANDARD BOOK NUMBER | |
| International Standard Book Number | 0919115969 : |
| 040 ## - CATALOGING SOURCE | |
| Original cataloging agency | KABU |
| Transcribing agency | KABU |
| 050 #0 - LIBRARY OF CONGRESS CALL NUMBER | |
| Classification number | RS141.23 |
| Item number | .C66 1996 |
| 245 10 - TITLE STATEMENT | |
| Title | CPS : |
| Remainder of title | compedium of pharmaceuticals and specialists: the canadian reference for health professionals. |
| 250 ## - EDITION STATEMENT | |
| Edition statement | 31st ed. |
| 260 ## - PUBLICATION, DISTRIBUTION, ETC. (IMPRINT) | |
| Place of publication, distribution, etc. | Ottawa : |
| Name of publisher, distributor, etc. | CPA, |
| Date of publication, distribution, etc. | 1996. |
| 300 ## - PHYSICAL DESCRIPTION | |
| Extent | various pagings. |
| 650 #0 - SUBJECT ADDED ENTRY--TOPICAL TERM | |
| Topical term or geographic name as entry element | Pharmacopoeias |
| Geographic subdivision | Canada. |
| -- | 0000155863 |
| 650 #0 - SUBJECT ADDED ENTRY--TOPICAL TERM | |
| Topical term or geographic name as entry element | Pharmaceutical industry |
| Geographic subdivision | Canada. |
| -- | 0000155864 |
| 908 ## - PUT COMMAND PARAMETER (RLIN) | |
| Put command parameter | 070604 |
| 950 ## - LOCAL HOLDINGS (RLIN) | |
| -- | 1 |
| Withdrawn status | Lost status | Source of classification or shelving scheme | Not for loan | Home library | Current library | Date acquired | Total Checkouts | Full call number | Barcode | Date last seen | Price effective from | Koha item type |
|---|---|---|---|---|---|---|---|---|---|---|---|---|
| Library of Congress Classification | Not For Loan | Kabarak, Main Campus | Kabarak, Main Campus | 17/12/2015 | RS141.23 .C66 1996 | 010004 | 17/12/2015 | 17/12/2015 | Reference |